Statistics for Rivers - Multiple Choice Quiz

Click here to take the quiz!

General Stats

  • This quiz has been taken 26 times
  • The average score is 7 of 15

Answer Stats

QuestionAnswer% Correct
Five of Australia's seven longest rivers are tributaries of the country's longest river.True
81%
Which river is Victoria Falls located on?Zambezi River
76%
Which tributary river joins the Amazon at Manaus?Rio Negro
67%
The Orinoco is located entirely within Venezuela.False
62%
Which of these cities is not located on a river?Rio de Janeiro
62%
During the rainy season, which of the Nile's tributaries supplies most of the river's water?Blue Nile
57%
Which of these is the name of an English river?River Axe
57%
Which of these rivers is the longest?Mekong
52%
Which of these rivers flows through Pisa?Arno
48%
Which of these rivers flows into an ocean?Krishna River
48%
Which of these bodies of water does the Yukon River empty into?Bering Sea
43%
Which of these rivers does not have its source in the Alps?Danube
29%
Which of these is not the name of a tributary of the Mississippi River?Nebraska River
24%
Which of these rivers has the greatest average discharge?Rhône
24%
What material causes the Yellow River to be yellow?Loess
19%

Score Distribution

Percentile by Number Answered

Percent of People with Each Score

Your Score History

You have not taken this quiz